000 00208nam a22000857a 4500
008 161208b xxu||||| |||| 00| 0 eng d
100 _91948
_aMehta.N.
245 _aAchaar & Chutney
260 _aNew Delhi
_bSnas
_c2011
999 _c4739
_d4739